Т. 316, № 1 : Науки о Земле; Известия Томского политехнического университета [Известия ТПУ]
| Parent link: | Известия Томского политехнического университета [Известия ТПУ]/ Томский политехнический университет (ТПУ). Т. 316, № 1 : Науки о Земле.— , 2000- |
|---|---|
| Språk: | ryska |
| Publicerad: |
2010
|
| Ämnen: |
Рябчиков
> С. Я.
> российский учёный в области бурения скважин
> профессор Томского политехнического университета
> Сергей Яковлевич
> Томск
Сулакшин
> С. С.
> российский геолог
> 1919-
> Степан Степанович
> Заслуженный профессор Томского политехнического университета
> Томск
|
| Materialtyp: | Bok |
| KOHA link: | https://koha.lib.tpu.ru/cgi-bin/koha/opac-detail.pl?biblionumber=179364 |
MARC
| LEADER | 00000nam2a2200000 4500 | ||
|---|---|---|---|
| 001 | 179364 | ||
| 005 | 20240112104338.0 | ||
| 035 | |a (RuTPU)RU\TPU\book\194437 | ||
| 035 | |a RU\TPU\book\182330 | ||
| 035 | |a RU\TPU\book\190906 | ||
| 090 | |a 179364 | ||
| 100 | |a 20100222d2010 k y0rusy50 ca | ||
| 101 | 0 | |a rus | |
| 102 | |a RU | ||
| 105 | |a a z 001zd | ||
| 200 | 0 | |a Т. 316, № 1 : Науки о Земле | |
| 210 | |d 2010 | ||
| 215 | |a 184 с. |c ил. | ||
| 320 | |a Библиогр. в конце статей | ||
| 461 | 1 | |0 (RuTPU)RU\TPU\book\176237 |t Известия Томского политехнического университета [Известия ТПУ] |f Томский политехнический университет (ТПУ) |v Т. 316, № 1 : Науки о Земле |d 2000- | |
| 600 | 1 | |a Рябчиков |b С. Я. |c российский учёный в области бурения скважин |c профессор Томского политехнического университета |g Сергей Яковлевич |y Томск |2 stltpush |3 (RuTPU)RU\TPU\pers\26128 | |
| 600 | 1 | |a Сулакшин |b С. С. |c российский геолог |f 1919- |g Степан Степанович |c Заслуженный профессор Томского политехнического университета |y Томск |2 stltpush |3 (RuTPU)RU\TPU\pers\13908 | |
| 600 | 1 | |a Язиков |b Е. Г. |c специалист в области геологии и минералогии |c профессор Томского политехнического университета, доктор геолого-минералогических наук, заместитель проректора по образовательной и международной деятельности |f 1955- |g Егор Григорьевич |x TPU |y Томск |2 stltpush |3 (RuTPU)RU\TPU\pers\26057 |9 11896 | |
| 606 | 1 | |a Томский политехнический университет |2 stltpush |3 (RuTPU)RU\TPU\subj\67475 |9 83260 | |
| 606 | 1 | |a Науки о Земле |2 stltpush |3 (RuTPU)RU\TPU\subj\45098 |9 64360 | |
| 606 | 1 | |a Научно-технический потенциал |2 stltpush |3 (RuTPU)RU\TPU\subj\45166 |9 64427 | |
| 610 | 1 | |a научные исследования | |
| 610 | 1 | |a историческая геология | |
| 610 | 1 | |a полезные ископаемые | |
| 610 | 1 | |a геология | |
| 610 | 1 | |a геохимия | |
| 610 | 1 | |a нефть | |
| 610 | 1 | |a газ | |
| 610 | 1 | |a гидрогеология | |
| 610 | 1 | |a геологоразведочные работы | |
| 610 | 1 | |a техника | |
| 610 | 1 | |a технология | |
| 610 | 1 | |a минеральное сырье | |
| 610 | 1 | |a экономика | |
| 610 | 1 | |a труды учёных ТПУ | |
| 610 | 1 | |a Коллекция История ТПУ | |
| 675 | |a 62 |v 3 | ||
| 675 | |a 551.1 |v 3 | ||
| 686 | |a Ч484(2)72ТПУ |2 rubbk | ||
| 801 | 1 | |a RU |b 63413507 |c 20100420 | |
| 801 | 2 | |a RU |b 63413507 |c 20221208 |g RCR | |
| 942 | |c CR | ||